[Event "26.Off.Bayer.Senioren-EM 2014"]
[Site "Bergen"]
[Date "2014.06.27"]
[Round "7.11"]
[White "Boldt, Heinrich"]
[Black "Aigner, Georg"]
[Result "1/2-1/2"]
[WhiteElo "1701"]
[BlackElo "1786"]
[PlyCount "103"]
[EventDate "2014.??.??"]
[WhiteTeam "TSV Kareth-Lappersdorf"]
[BlackTeam "TSV Dietfurt/Altm. e.V."]

1. d4 Nf6 2. Nf3 g6 3. Nc3 Bg7 4. g3 d6 5. Bg2 O-O 6. O-O Re8 7. Bg5 h6 8. Bf4
Nc6 9. e4 Nh5 10. Be3 e5 11. Qd2 Kh7 12. Rad1 exd4 13. Nxd4 Ne5 14. b3 Ng4 15.
Rde1 Be5 16. f4 Nxe3 17. Rxe3 Bh8 18. f5 g5 19. Nde2 Be5 20. Bf3 Nf6 21. Nd5 c6
22. Nxf6+ Qxf6 23. Rd1 b6 24. g4 c5 25. c4 Bb7 26. Qd3 Qe7 27. Bg2 f6 28. h3
Bc6 29. Kf2 Qb7 30. Nc3 a6 31. Nd5 Kg7 32. h4 b5 33. Rb1 Rab8 34. Ree1 a5 35.
hxg5 hxg5 36. Ke2 Rh8 37. Rh1 Rxh1 38. Rxh1 Rh8 39. Rxh8 Kxh8 40. Qh3+ Qh7 41.
Qxh7+ Kxh7 42. Ne7 Bd7 43. Bf1 b4 44. Ke3 a4 45. Kd3 Kg7 46. Nd5 Bc6 47. Nb6
axb3 48. axb3 Kf7 49. Nd5 Ke8 50. Be2 Kd7 51. Bd1 Kc8 52. Ne7+ 1/2-1/2

[Event "26.Off.Bayer.Senioren-EM 2014"]
[Site "Bergen"]
[Date "2014.06.27"]
[Round "7.12"]
[White "Baumgartner, Andreas"]
[Black "Kaufmann, Helmut"]
[Result "1-0"]
[WhiteElo "1618"]
[BlackElo "1742"]
[PlyCount "77"]
[EventDate "2014.??.??"]
[WhiteTeam "ASV J'Adoube Grassau SAB"]
[BlackTeam "SK Eutingen"]

1. d4 g6 2. c4 Bg7 3. Nc3 d6 4. e4 Nc6 5. Be3 e5 6. d5 Nce7 7. Nf3 h6 8. Be2 f5
9. Bd2 Nf6 10. Bd3 O-O 11. h3 a6 12. g3 Rf7 13. Qc2 Qf8 14. exf5 gxf5 15. Nh4
Bd7 16. Be3 Nh7 17. f4 Bf6 18. O-O-O e4 19. Be2 Rg7 20. Rhg1 Kh8 21. Qd2 Qf7
22. Bd4 Rag8 23. Qe3 Bxd4 24. Qxd4 Qf6 25. Qe3 Be8 26. Rg2 Bf7 27. Rgg1 Nc8 28.
Kc2 Nf8 29. b3 Nd7 30. b4 b6 31. a3 Ne7 32. Qf2 h5 33. Qe3 Rc8 34. Kb3 c6 35.
dxc6 Rxc6 36. Nd5 Nxd5 37. cxd5 Rc7 38. Bxa6 Rg8 39. Qd4 1-0

[Event "26.Off.Bayer.Senioren-EM 2014"]
[Site "Bergen"]
[Date "2014.06.27"]
[Round "7.13"]
[White "Kochseder, Georg"]
[Black "Babichev, Vyacheslav"]
[Result "1-0"]
[WhiteElo "1892"]
[BlackElo "1689"]
[PlyCount "71"]
[EventDate "2014.??.??"]
[WhiteTeam "TV 1890 Hallstadt"]
[BlackTeam "SW Nürnberg Süd e.V."]

1. e4 g6 2. d4 Bg7 3. c3 d6 4. Bd3 Nf6 5. Nf3 Nbd7 6. h3 e5 7. O-O O-O 8. Be3
c6 9. a4 a5 10. Nbd2 Re8 11. Qc2 Nh5 12. Rad1 Nb6 13. dxe5 dxe5 14. Nc4 Nxc4
15. Bxc4 Qc7 16. Ng5 Be6 17. Nxe6 fxe6 18. Rd2 Rad8 19. Rfd1 Rxd2 20. Rxd2 Nf4
21. Qd1 Qc8 22. Kh2 Bf8 23. g3 Nh5 24. Bb6 Bh6 25. Rd7 Nf6 26. Bxe6+ Kh8 27.
Rxh7+ Kxh7 28. Bxc8 Rxc8 29. Qd6 Bg7 30. f3 Kh8 31. Kg2 Kh7 32. Bd8 Ng8 33. Qd7
Ra8 34. h4 b5 35. axb5 cxb5 36. g4 1-0

[Event "26.Off.Bayer.Senioren-EM 2014"]
[Site "Bergen"]
[Date "2014.06.27"]
[Round "7.14"]
[White "Simin, Vladimir"]
[Black "Koenigl, Anton"]
[Result "1/2-1/2"]
[WhiteElo "1883"]
[BlackElo "1696"]
[PlyCount "24"]
[EventDate "2014.??.??"]
[WhiteTeam "FC Ergolding 1932 e.V."]
[BlackTeam "FC Ergolding 1932 e.V."]

1. d4 Nf6 2. c4 c6 3. Nc3 d5 4. cxd5 cxd5 5. Nf3 Nc6 6. Bf4 a6 7. e3 e6 8. Bd3
Bd6 9. Bg3 O-O 10. a3 b5 11. b4 Bb7 12. Nd2 Ne7 1/2-1/2

[Event "26.Off.Bayer.Senioren-EM 2014"]
[Site "Bergen"]
[Date "2014.06.27"]
[Round "7.15"]
[White "Knollmueller, Peter"]
[Black "Appel, Juergen"]
[Result "0-1"]
[WhiteElo "1815"]
[BlackElo "1650"]
[PlyCount "50"]
[EventDate "2014.??.??"]
[WhiteTeam "SK Töging"]
[BlackTeam "Zwickauer Schachclub"]

1. d4 g6 2. c4 Bg7 3. Nc3 e6 4. e4 d6 5. Nf3 Nd7 6. Bg5 Ne7 7. Be2 h6 8. Be3 a6
9. O-O O-O 10. Qd2 Kh7 11. h4 b6 12. h5 g5 13. Rad1 Bb7 14. Qc2 f5 15. Bxg5
hxg5 16. Nxg5+ Kh8 17. Nxe6 Qc8 18. Nxf8 Qxf8 19. exf5 Nxf5 20. Bg4 Nh4 21.
Bxd7 Bxg2 22. Rfe1 Bf3 23. Rd3 Bxd4 24. Ne4 Qg7+ 25. Ng3 Qxg3+ 0-1

[Event "26.Off.Bayer.Senioren-EM 2014"]
[Site "Bergen"]
[Date "2014.06.27"]
[Round "7.16"]
[White "Reimann, Guenther"]
[Black "Otto, Klaus"]
[Result "1/2-1/2"]
[WhiteElo "1768"]
[BlackElo "1499"]
[PlyCount "46"]
[EventDate "2014.??.??"]
[WhiteTeam "SC Magstadt"]
[BlackTeam "Thüringer Schachverein Triebes"]

1. c4 Nf6 2. Nf3 g6 3. g3 Bg7 4. Bg2 O-O 5. O-O Nc6 6. d3 b6 7. Nbd2 Bb7 8. Rb1
a5 9. b3 Nb4 10. a3 Nc6 11. Bb2 Rb8 12. Re1 Ne8 13. Bxg7 Nxg7 14. Qc2 d6 15. d4
e6 16. Rbc1 Ne7 17. e4 c5 18. Rcd1 Qc7 19. d5 e5 20. Nh4 Rbd8 21. Rf1 Bc8 22.
h3 g5 23. Nhf3 f6 1/2-1/2

[Event "26.Off.Bayer.Senioren-EM 2014"]
[Site "Bergen"]
[Date "2014.06.27"]
[Round "7.17"]
[White "Mahrla, Hans"]
[Black "Hansch, Klaus-Michael"]
[Result "1-0"]
[WhiteElo "1626"]
[BlackElo "1766"]
[PlyCount "83"]
[EventDate "2014.??.??"]
[WhiteTeam "SC Eichenau"]
[BlackTeam "SC Weisse Dame e.V."]

1. e4 d5 2. exd5 Nf6 3. d4 Bg4 4. Nf3 Nxd5 5. c4 Nf6 6. Be2 e6 7. Nc3 c6 8. O-O
Be7 9. Be3 O-O 10. Qc2 Na6 11. a3 Rc8 12. b4 Nc7 13. h3 Bh5 14. Rad1 Ra8 15.
Qb3 Qc8 16. Rd2 Rd8 17. Rfd1 Nce8 18. g4 Bg6 19. Ne5 Ne4 20. Nxe4 Bxe4 21. f3
Bg6 22. Kg2 b6 23. d5 cxd5 24. cxd5 exd5 25. Nxg6 hxg6 26. Rxd5 Rxd5 27. Rxd5
Nf6 28. Rd1 Qc7 29. Rc1 Qe5 30. f4 Qd6 31. Rd1 Qc7 32. Bc4 Qc6+ 33. Kg1 Rf8 34.
a4 Qf3 35. Bd2 Qb7 36. Bc3 Ne4 37. Bd5 Nxc3 38. Bxb7 Nxd1 39. Qxd1 Bxb4 40. Qd7
Bc5+ 41. Kg2 a5 42. Bd5 1-0

[Event "26.Off.Bayer.Senioren-EM 2014"]
[Site "Bergen"]
[Date "2014.06.27"]
[Round "7.18"]
[White "Hein, Manfred"]
[Black "Husser, Oskar"]
[Result "1/2-1/2"]
[WhiteElo "1943"]
[BlackElo "1620"]
[PlyCount "44"]
[EventDate "2014.??.??"]
[WhiteTeam "FC Gunzenhausen 1910 e.V"]
[BlackTeam "SC Caissa Falkensee e.V."]

1. e4 d5 2. exd5 Nf6 3. Bb5+ Bd7 4. Bc4 b5 5. Bb3 a5 6. a3 Bg4 7. f3 Bc8 8. Nc3
Qd7 9. Qe2 Ba6 10. Qe5 c6 11. Ne4 Nxd5 12. Nc5 Qd6 13. Qxd6 exd6 14. Nxa6 Nxa6
15. Bxd5 cxd5 16. Ne2 Kd7 17. c3 Nc5 18. Nd4 Rb8 19. O-O g6 20. Nc2 Nb3 21. Rb1
Bg7 22. Ne3 Kc6 1/2-1/2

[Event "26.Off.Bayer.Senioren-EM 2014"]
[Site "Bergen"]
[Date "2014.06.27"]
[Round "7.19"]
[White "Zehfuss, Helmut"]
[Black "Rueckleben, Hermann"]
[Result "0-1"]
[WhiteElo "1710"]
[BlackElo "1876"]
[PlyCount "90"]
[EventDate "2014.??.??"]
[WhiteTeam "SG Traunstein/Traunreut e.V."]
[BlackTeam "SF Baden-Lichtental"]

1. e4 g6 2. d4 Bg7 3. Be3 d6 4. Bc4 e6 5. Ne2 Nf6 6. f3 d5 7. exd5 exd5 8. Bd3
Nc6 9. Nbc3 Nb4 10. Bb5+ c6 11. Ba4 b5 12. Bb3 a5 13. a3 Na6 14. O-O O-O 15.
Ng3 h6 16. Qd2 Kh7 17. Rfe1 Nc7 18. Nce2 Nce8 19. Nf4 Nd6 20. Nd3 Nd7 21. c3
Nc4 22. Bxc4 dxc4 23. Nf4 Nf6 24. Rad1 Nd5 25. Nxd5 cxd5 26. Bf2 Qd6 27. Be3
Be6 28. Re2 Rfe8 29. Rde1 Qb6 30. h4 h5 31. Bg5 b4 32. Ra1 bxc3 33. bxc3 Rab8
34. Bf4 Rb7 35. Ra2 Qc6 36. Qd1 Rbe7 37. Kh2 Rb7 38. Qc2 Kg8 39. Re1 a4 40. Ne2
Bf8 41. Rea1 Bf5 42. Qc1 Qb6 43. Ng3 Bd3 44. Rd2 Qa5 45. Ne2 Rxe2 0-1

[Event "26.Off.Bayer.Senioren-EM 2014"]
[Site "Bergen"]
[Date "2014.06.27"]
[Round "7.20"]
[White "Reichwald, Klaus"]
[Black "Krafzik, Joachim"]
[Result "0-1"]
[WhiteElo "1707"]
[BlackElo "1819"]
[PlyCount "88"]
[EventDate "2014.??.??"]
[WhiteTeam "SC Lohhof 1950 e.V."]
[BlackTeam "SC Haar 1931"]

1. e4 b6 2. d4 e6 3. Nf3 Bb7 4. Bd3 Nf6 5. e5 Ne4 6. O-O d5 7. Nbd2 Nxd2 8.
Bxd2 Be7 9. c3 c5 10. Bc2 Nc6 11. Be3 Ba6 12. Re1 O-O 13. Qd2 cxd4 14. Bxd4
Nxd4 15. Nxd4 Bg5 16. f4 Bh6 17. Qf2 g6 18. g4 Bc8 19. Kh1 f6 20. f5 fxe5 21.
Rxe5 Bg7 22. Nxe6 Qd6 23. Nxf8 Bxe5 24. Nxg6 hxg6 25. fxg6 Qf6 26. Qg2 Bb7 27.
g5 Qe6 28. Rf1 Rf8 29. Rxf8+ Kxf8 30. Qf2+ Ke7 31. Kg1 Qg4+ 32. Qg2 Qxg2+ 33.
Kxg2 d4+ 34. Kh3 dxc3 35. bxc3 Bc8+ 36. Kh4 Bxh2 37. Kh5 Kf8 38. Kh6 Be5 39. c4
Bg7+ 40. Kh5 Ke7 41. Bd3 Kd6 42. Be2 Be6 43. a3 a5 44. Kh4 Kc5 0-1

[Event "26.Off.Bayer.Senioren-EM 2014"]
[Site "Bergen"]
[Date "2014.06.27"]
[Round "7.21"]
[White "Klimpel, Siegfried"]
[Black "Klein, Klaus"]
[Result "1/2-1/2"]
[WhiteElo "1662"]
[BlackElo "1809"]
[PlyCount "32"]
[EventDate "2014.??.??"]
[WhiteTeam "TSV Kareth-Lappersdorf"]
[BlackTeam "SF Heidelberg"]

1. d4 d5 2. Nc3 Nf6 3. Bg5 Bf5 4. f3 Nbd7 5. Qd2 h6 6. Bh4 c6 7. O-O-O Qa5 8.
e4 Bg6 9. e5 Nh7 10. Nh3 e6 11. Nf4 Bb4 12. Nxg6 fxg6 13. Bd3 Nhf8 14. a3 Bxc3
15. Qxc3 Qxc3 16. bxc3 g5 1/2-1/2

[Event "26.Off.Bayer.Senioren-EM 2014"]
[Site "Bergen"]
[Date "2014.06.27"]
[Round "7.22"]
[White "Mehlhorn, Dieter"]
[Black "Klein, Reinhard"]
[Result "0-1"]
[WhiteElo "1656"]
[BlackElo "1803"]
[PlyCount "56"]
[EventDate "2014.??.??"]
[WhiteTeam "Post-SV Crimmitschau"]
[BlackTeam "Münchener SC 1836 e.V."]

1. d4 d5 2. Nf3 Bf5 3. e3 e6 4. Bd3 Nf6 5. Bxf5 exf5 6. Qd3 Qc8 7. Nbd2 Bd6 8.
c4 c6 9. b3 O-O 10. Bb2 Re8 11. O-O Ne4 12. cxd5 cxd5 13. Ne5 f6 14. Nef3 Qd7
15. Rac1 a6 16. Rc2 Nc6 17. a3 g5 18. Rfc1 Qf7 19. Nf1 Rad8 20. Ne1 g4 21. f3
gxf3 22. gxf3 Ng5 23. Qxf5 Ne7 24. Qd3 Kh8 25. Rg2 Qh5 26. f4 Nh3+ 27. Kh1 Rg8
28. Ng3 Rxg3 0-1

[Event "26.Off.Bayer.Senioren-EM 2014"]
[Site "Bergen"]
[Date "2014.06.27"]
[Round "7.23"]
[White "Kolkwitz, Klaus"]
[Black "Harke, Horst"]
[Result "0-1"]
[WhiteElo "1784"]
[BlackElo "1686"]
[PlyCount "48"]
[EventDate "2014.??.??"]
[WhiteTeam "ESV 1949 Eberswalde e.V."]
[BlackTeam "SK Varel"]

1. d4 d5 2. Nf3 c6 3. e3 Bf5 4. Bd3 Bxd3 5. Qxd3 Nf6 6. Nbd2 e6 7. O-O Bd6 8.
Re1 Nbd7 9. e4 dxe4 10. Nxe4 Nxe4 11. Rxe4 Nf6 12. Bg5 Be7 13. Bxf6 Bxf6 14.
Rd1 O-O 15. c3 Qc7 16. Qe3 Rad8 17. Ne5 Bxe5 18. Rxe5 Rd5 19. Rxd5 cxd5 20. Qd3
Qa5 21. Ra1 b5 22. Qc2 Rc8 23. Qb3 Rc4 24. Re1 Rxd4 0-1

[Event "26.Off.Bayer.Senioren-EM 2014"]
[Site "Bergen"]
[Date "2014.06.27"]
[Round "7.24"]
[White "Braeu, Ludwig"]
[Black "Walch, Roger"]
[Result "0-1"]
[WhiteElo "1759"]
[BlackElo "1681"]
[PlyCount "58"]
[EventDate "2014.??.??"]
[WhiteTeam "SK Marktoberdorf"]
[BlackTeam "SW Nürnberg Süd e.V."]

1. c4 e5 2. g3 Nf6 3. Bg2 Nc6 4. Nc3 Bc5 5. e3 a6 6. Nge2 d6 7. O-O Bg4 8. h3
Be6 9. Nd5 Ba7 10. Nec3 O-O 11. Rb1 Rb8 12. Kh2 Ne8 13. Qe2 f5 14. b4 e4 15. f3
exf3 16. Bxf3 Ne5 17. Bg2 c6 18. Nf4 Bxc4 19. d3 Bf7 20. a4 g5 21. Nh5 g4 22.
Nf4 b5 23. h4 d5 24. axb5 axb5 25. Bb2 Qd6 26. d4 Nc4 27. Bc1 Ng7 28. Nd3 Rbe8
29. Bd2 Bxd4 0-1

[Event "26.Off.Bayer.Senioren-EM 2014"]
[Site "Bergen"]
[Date "2014.06.27"]
[Round "7.25"]
[White "Flockerzi, Armin"]
[Black "Leuschner, Guenter"]
[Result "0-1"]
[WhiteElo "1565"]
[BlackElo "1755"]
[PlyCount "94"]
[EventDate "2014.??.??"]
[WhiteTeam "VfR-SC Koblenz"]
[BlackTeam "SK Nürnberg 1911 e.V."]

1. Nf3 Nf6 2. d4 g6 3. g3 Bg7 4. Bg2 O-O 5. Nbd2 d6 6. O-O Nbd7 7. Re1 Re8 8.
c3 Rb8 9. Qc2 b6 10. e4 e5 11. d5 Ba6 12. b3 Nc5 13. c4 Bc8 14. b4 Nb7 15. b5
Nc5 16. a4 a5 17. Ba3 Ncd7 18. Bb2 Nf8 19. h3 N6d7 20. Nh2 Nc5 21. Ba3 Nfd7 22.
Re2 Nb7 23. Rf1 Ndc5 24. Bb2 f5 25. f3 Qg5 26. g4 f4 27. Ba3 Bd7 28. Bxc5 Nxc5
29. Ra1 Kf7 30. Nb3 Nb7 31. Qc1 Bf6 32. Qe1 Qh6 33. Rc2 Bh4 34. Qd2 Qg5 35. Bf1
Ke7 36. Qg2 Rg8 37. Be2 Rbf8 38. Kf1 Nd8 39. Bd1 Nf7 40. Ke2 Qh6 41. Kd3 Ng5
42. Nf1 Be1 43. Re2 Bb4 44. Qh1 Nxh3 45. Rea2 Nf2+ 46. Rxf2 Qxh1 47. Rh2 Qxf1+
0-1

[Event "26.Off.Bayer.Senioren-EM 2014"]
[Site "Bergen"]
[Date "2014.06.27"]
[Round "7.26"]
[White "Perzl, Michael"]
[Black "Stadler, Lothar"]
[Result "0-1"]
[WhiteElo "1754"]
[BlackElo "1674"]
[PlyCount "58"]
[EventDate "2014.??.??"]
[WhiteTeam "TSV Trostberg"]
[BlackTeam "SAbt SV Weiss-BL.Allianz"]

1. d4 Nf6 2. c4 e6 3. Nc3 b6 4. e4 Bb7 5. Bd3 Bb4 6. Qe2 O-O 7. Nf3 c5 8. O-O
cxd4 9. Nxd4 Bxc3 10. bxc3 d6 11. f4 Nbd7 12. e5 dxe5 13. fxe5 Ne8 14. Rf4 g6
15. Rg4 Ng7 16. Bh6 Qc7 17. Re1 Rfe8 18. Nb5 Qc5+ 19. Rd4 Nf5 20. Bxf5 exf5 21.
Kh1 Rxe5 22. Qd2 Rxe1+ 23. Qxe1 Qc6 24. Qd2 Re8 25. h3 Nf6 26. Nd6 Re1+ 27. Kh2
Rd1 28. Qg5 Rxd4 29. Nxb7 Rd7 0-1

[Event "26.Off.Bayer.Senioren-EM 2014"]
[Site "Bergen"]
[Date "2014.06.27"]
[Round "7.27"]
[White "Wolf, Reinhard"]
[Black "Schindler, Jan"]
[Result "1/2-1/2"]
[WhiteElo "1731"]
[BlackElo "1637"]
[PlyCount "42"]
[EventDate "2014.??.??"]
[WhiteTeam "SV Königsspringer 1929 Großauhei"]
[BlackTeam "SC Anderssen Nürnberg 1929 e.V."]

1. e4 e5 2. Nf3 Nf6 3. Nxe5 d6 4. Nf3 Nxe4 5. d3 Nf6 6. d4 d5 7. c4 c6 8. Nc3
Bb4 9. cxd5 Nxd5 10. Bd2 O-O 11. Be2 Re8 12. O-O Bf5 13. Nxd5 Bxd2 14. Qxd2
Qxd5 15. Rfe1 Nd7 16. Qc3 Qd6 17. Bc4 Bg6 18. Re3 Rxe3 19. Qxe3 Nf6 20. Qb3 b5
21. Bf1 Be4 1/2-1/2

[Event "26.Off.Bayer.Senioren-EM 2014"]
[Site "Bergen"]
[Date "2014.06.27"]
[Round "7.28"]
[White "Alefs, Heinz"]
[Black "Worschech, Roland"]
[Result "0-1"]
[WhiteElo "1627"]
[BlackElo "1730"]
[PlyCount "78"]
[EventDate "2014.??.??"]
[WhiteTeam "SC Eichenau"]
[BlackTeam "SK 1907 Kulmbach"]

1. Nf3 g6 2. d4 Bg7 3. e4 d6 4. c4 Nd7 5. Be3 e5 6. d5 Ne7 7. Bd3 O-O 8. Qd2 b6
9. Bh6 Nc5 10. Bxg7 Kxg7 11. Bc2 a5 12. a4 f5 13. exf5 Bxf5 14. Bxf5 Nxf5 15.
Nc3 Nb3 16. Qd1 Nxa1 17. Qxa1 h6 18. O-O Qe7 19. b3 Rf7 20. h3 Raf8 21. Ne4 Nh4
22. Ne1 g5 23. Qd1 Ng6 24. g3 Qd7 25. Kh2 Ne7 26. f3 Qf5 27. Qe2 h5 28. Qe3 Kg6
29. Ng2 Rg7 30. g4 hxg4 31. hxg4 Qd7 32. Qxg5+ Kf7 33. Qh5+ Kg8 34. Kg3 Ng6 35.
Rh1 Qf7 36. g5 Qf5 37. Nf6+ Rxf6 38. gxf6 Qxf6 39. Qg4 Nf4 0-1

[Event "26.Off.Bayer.Senioren-EM 2014"]
[Site "Bergen"]
[Date "2014.06.27"]
[Round "7.29"]
[White "Neumeister, Herbert"]
[Black "Oser, Thor"]
[Result "1-0"]
[WhiteElo "1716"]
[BlackElo "1622"]
[PlyCount "65"]
[EventDate "2014.??.??"]
[WhiteTeam "Schachvereinigung Düren 13 Deric"]
[BlackTeam "SK 1929 Jöhlingen"]

1. e4 c5 2. Nc3 a6 3. g3 Nc6 4. Bg2 d6 5. d3 e5 6. Nge2 Be6 7. Nd5 f6 8. c3 b5
9. Be3 Nce7 10. b4 Nxd5 11. exd5 Bg4 12. bxc5 dxc5 13. h3 Bd7 14. d4 Rc8 15.
dxe5 fxe5 16. O-O Bd6 17. Kh2 Nf6 18. Qd3 O-O 19. Rac1 Qe8 20. c4 b4 21. Rfe1
Qh5 22. Ng1 Ng4+ 23. Kh1 Nxe3 24. Qxe3 Rf6 25. h4 h6 26. Bh3 Bxh3 27. Nxh3 Rcf8
28. Kg2 g5 29. hxg5 hxg5 30. Qxg5+ Qxg5 31. Nxg5 Rg6 32. Ne4 Bb8 33. Nxc5 1-0

[Event "26.Off.Bayer.Senioren-EM 2014"]
[Site "Bergen"]
[Date "2014.06.27"]
[Round "7.30"]
[White "Alefs, Willi"]
[Black "Abel, Hans-Peter"]
[Result "0-1"]
[WhiteElo "1533"]
[BlackElo "1715"]
[PlyCount "166"]
[EventDate "2014.??.??"]
[WhiteTeam "SC Fuldatal"]
[BlackTeam "SC Leinfelden"]

1. c4 c5 2. b3 Nf6 3. Bb2 e6 4. g3 Nc6 5. Bg2 g6 6. Nc3 Bg7 7. e4 O-O 8. Nge2
Rb8 9. Nf4 d6 10. O-O a6 11. Re1 Qc7 12. Rc1 b6 13. Nce2 Nb4 14. a3 Nc6 15. d4
cxd4 16. Nxd4 Nxd4 17. Bxd4 e5 18. Nd5 Nxd5 19. cxd5 Qd8 20. Be3 f5 21. Qd2 f4
22. gxf4 Bh6 23. fxe5 Bxe3 24. Rxe3 dxe5 25. Rg3 Qd6 26. b4 Bd7 27. h4 Rf4 28.
h5 Rbf8 29. f3 Kg7 30. Kf2 Rxe4 31. Rh1 Ref4 32. hxg6 hxg6 33. Qe3 Qxd5 34. Rh5
Qa2+ 35. Kg1 Qa1+ 36. Kh2 R8f5 37. Rhh3 Qd4 38. Qxd4 exd4 39. Rg4 d3 40. Rhg3
Rf6 41. Rg5 Rd6 42. Bf1 d2 43. Be2 Ba4 44. Rg1 Kh6 45. b5 a5 46. R5g4 g5 47.
Bd1 Bxd1 48. Rxd1 Rxf3 49. a4 Rc3 50. Rg2 Rc2 51. Rf2 Ra2 52. Kg2 Kg6 53. Re2
g4 54. Rf2 Kg5 55. Re2 Rc2 56. Rf2 Rd5 57. Re2 Rd6 58. Re5+ Kf4 59. Re2 Rd3 60.
Rf1+ Rf3 61. Rd1 g3 62. Kg1 Rf2 63. Rxf2+ gxf2+ 64. Kxf2 Ke4 65. Ke2 Kd4 66.
Rf1 Kc3 67. Rf3+ Kb4 68. Rf6 Kxa4 69. Rxb6 Rb2 70. Rb8 Ka3 71. b6 a4 72. b7 Rb4
73. Kxd2 Kb3 74. Kc1 a3 75. Kb1 Re4 76. Kc1 Rc4+ 77. Kd1 Rb4 78. Re8 Rxb7 79.
Re3+ Kb2 80. Re2+ Kb1 81. Re1 Rb2 82. Re3 a2 83. Rc3 a1=Q 0-1

[Event "26.Off.Bayer.Senioren-EM 2014"]
[Site "Bergen"]
[Date "2014.06.27"]
[Round "7.31"]
[White "Willin, Bernhard"]
[Black "Schuster, Herbert"]
[Result "1-0"]
[WhiteElo "1807"]
[BlackElo "1615"]
[PlyCount "111"]
[EventDate "2014.??.??"]
[WhiteTeam "SC Horben"]
[BlackTeam "SK Landshut"]

1. e4 c5 2. b3 Nc6 3. Bb2 e5 4. Nf3 d6 5. h3 Nf6 6. Nc3 h6 7. Bc4 a6 8. a4 Nb4
9. g3 Bd7 10. Kf1 Bc6 11. d3 Qd7 12. a5 Be7 13. Na4 Bxa4 14. Rxa4 O-O 15. Qd2
Nh7 16. Kg2 Ng5 17. Nh4 Ne6 18. Nf5 Bg5 19. Qe2 g6 20. h4 gxf5 21. hxg5 Nxg5
22. Rxh6 Kg7 23. Qh5 Qe7 24. f4 Rh8 25. Qxg5+ Qxg5 26. fxg5 Rxh6 27. gxh6+ Kxh6
28. c3 Nc2 29. Bc1+ Kg6 30. Ra2 Ne1+ 31. Kf2 Rh8 32. exf5+ Kxf5 33. Re2 Nc2 34.
Kf3 Na1 35. Ra2 Kg6 36. Rxa1 Rh2 37. Bd5 f5 38. Be3 Rh7 39. b4 cxb4 40. cxb4
Kf6 41. Rc1 e4+ 42. dxe4 fxe4+ 43. Kxe4 Re7+ 44. Kd4 Kf5 45. Bf4 Re2 46. Bxb7
Ke6 47. Rc6 Kd7 48. Rxd6+ Ke7 49. Rxa6 Rb2 50. Rh6 Rxb4+ 51. Kc5 Ra4 52. a6 Kd8
53. Bb8 Ra5+ 54. Kd6 Ke8 55. a7 Kf7 56. a8=Q 1-0

[Event "26.Off.Bayer.Senioren-EM 2014"]
[Site "Bergen"]
[Date "2014.06.27"]
[Round "7.32"]
[White "Zschorsch, Peter"]
[Black "Lueders, Guenter"]
[Result "1-0"]
[WhiteElo "1788"]
[BlackElo "1659"]
[PlyCount "41"]
[EventDate "2014.??.??"]
[WhiteTeam "Karlsruher SF 1853"]
[BlackTeam "TSV 1883 Benshausen"]

1. e4 c5 2. d4 cxd4 3. c3 d3 4. c4 d6 5. Bxd3 Nc6 6. Be2 Nf6 7. Nc3 g6 8. Nf3
Bg7 9. O-O O-O 10. h3 b6 11. Bf4 Bb7 12. Qd2 Rc8 13. b3 Qd7 14. Rad1 Rfd8 15.
Qe3 Qe8 16. Nd5 Rd7 17. Bh6 Rcd8 18. Bxg7 Kxg7 19. Nh4 Nxd5 20. exd5 Nb4 21.
Qc3+ 1-0

[Event "26.Off.Bayer.Senioren-EM 2014"]
[Site "Bergen"]
[Date "2014.06.27"]
[Round "7.33"]
[White "Niedermaier, Peter"]
[Black "Stephan, Hubert"]
[Result "1-0"]
[WhiteElo "1684"]
[BlackElo "1540"]
[PlyCount "55"]
[EventDate "2014.??.??"]
[WhiteTeam "SU Ebersberg-Grafing"]
[BlackTeam "SC Prien"]

1. e4 c5 2. d4 cxd4 3. c3 Nc6 4. Nf3 d6 5. cxd4 Nf6 6. Nc3 g6 7. Bc4 Bg7 8. O-O
O-O 9. h3 a6 10. a3 b5 11. Ba2 Bb7 12. Qe2 Qc7 13. Bf4 e5 14. dxe5 dxe5 15. Bh2
Rfd8 16. Rac1 Qe7 17. Nd5 Qd6 18. Rfd1 Qb8 19. Rxc6 Nxd5 20. exd5 Bxc6 21. dxc6
Rxd1+ 22. Qxd1 h6 23. Qc2 Kh7 24. c7 Qc8 25. Bxe5 Bxe5 26. Nxe5 f5 27. Qc6 Qe8
28. Be6 1-0

[Event "26.Off.Bayer.Senioren-EM 2014"]
[Site "Bergen"]
[Date "2014.06.27"]
[Round "7.34"]
[White "Kunte, Herbert"]
[Black "Jehn, Detlef"]
[Result "0-1"]
[WhiteElo "1603"]
[BlackElo "1449"]
[PlyCount "82"]
[EventDate "2014.??.??"]
[WhiteTeam "SK Siemens München"]
[BlackTeam "SF Bad Reichenhall"]

1. Nf3 e6 2. d4 c5 3. e3 cxd4 4. exd4 Nc6 5. c4 d5 6. Nc3 Bb4 7. a3 Bxc3+ 8.
bxc3 h6 9. Be2 Nf6 10. O-O O-O 11. Qc2 dxc4 12. Bxc4 Qc7 13. Bd3 Re8 14. Re1
Bd7 15. c4 Rac8 16. Bd2 g5 17. Ne5 Nxd4 18. Qb2 Qb6 19. Qxb6 axb6 20. Be3 Nc6
21. Bxb6 Nxe5 22. Rxe5 Bc6 23. f3 Nd7 24. Bd4 Nxe5 25. Bxe5 Red8 26. Bf1 Rd7
27. a4 Ra8 28. a5 f5 29. c5 Rd5 30. Bd6 Rd2 31. Bc7 Kf7 32. Bb6 Rb2 33. Rd1 Bd5
34. Rc1 g4 35. fxg4 fxg4 36. Rd1 h5 37. Rd4 Rf8 38. Rf4+ Ke7 39. Rxf8 Kxf8 40.
g3 Ke8 41. Bb5+ Rxb5 0-1

[Event "26.Off.Bayer.Senioren-EM 2014"]
[Site "Bergen"]
[Date "2014.06.27"]
[Round "7.35"]
[White "Steffl, Herbert"]
[Black "Schoenfelder, Heinrich"]
[Result "1/2-1/2"]
[WhiteElo "1512"]
[BlackElo "1692"]
[PlyCount "51"]
[EventDate "2014.??.??"]
[WhiteTeam "ASV J'Adoube Grassau SAB"]
[BlackTeam "SC Tarrasch 45 München"]

1. Nf3 Nf6 2. d4 d5 3. c4 e6 4. Nc3 c6 5. Bg5 Be7 6. e3 Nbd7 7. cxd5 exd5 8.
Bd3 h6 9. Bh4 O-O 10. O-O Ne4 11. Bxe7 Qxe7 12. Qc2 Ndf6 13. Nd2 Re8 14. Rae1
Nxd2 15. Qxd2 Ne4 16. Nxe4 dxe4 17. Be2 Be6 18. b3 Bd5 19. Rc1 Rac8 20. Bc4 Qd7
21. Qe2 b5 22. Bxd5 cxd5 23. Qd2 Rxc1 24. Rxc1 Rc8 25. Rc2 Rxc2 26. Qxc2
1/2-1/2

[Event "26.Off.Bayer.Senioren-EM 2014"]
[Site "Bergen"]
[Date "2014.06.27"]
[Round "7.36"]
[White "Hermann, Josef"]
[Black "Peiberg, Ehrhard"]
[Result "1-0"]
[WhiteElo "1687"]
[BlackElo "1483"]
[PlyCount "43"]
[EventDate "2014.??.??"]
[WhiteTeam "TSV Trostberg"]
[BlackTeam "SC Erlangen 48/88"]

1. c4 e6 2. Nf3 Nf6 3. Nc3 d5 4. d4 Nbd7 5. cxd5 exd5 6. Bg5 c6 7. e3 Be7 8.
Bd3 O-O 9. O-O Re8 10. Re1 Ne4 11. Bf4 Ndf6 12. Qc2 Bb4 13. h3 h6 14. a3 Bxc3
15. bxc3 Bf5 16. Rab1 Qc8 17. Qb3 Nd2 18. Bxf5 Nxb3 19. Bxc8 Raxc8 20. Rxb3 b6
21. Rc1 c5 22. Rd1 1-0

[Event "26.Off.Bayer.Senioren-EM 2014"]
[Site "Bergen"]
[Date "2014.06.27"]
[Round "7.37"]
[White "Weyand, Fernand"]
[Black "Rosmann, Armin"]
[Result "1-0"]
[WhiteElo "1587"]
[BlackElo "1505"]
[PlyCount "69"]
[EventDate "2014.??.??"]
[WhiteTeam "SVG Saarbrücken 1970 e.V."]
[BlackTeam "SG Büchenbach/Roth e.V."]

1. e4 Nc6 2. d4 e6 3. Nf3 d5 4. Nbd2 dxe4 5. Nxe4 f5 6. Ng3 Nf6 7. Bb5 Bd7 8.
Qe2 Be7 9. O-O O-O 10. Re1 Bd6 11. Bc4 Re8 12. Nxf5 Bf8 13. Bg5 Na5 14. Ne3 Be7
15. Bd3 c5 16. c3 Nd5 17. Bxe7 Rxe7 18. dxc5 Nf4 19. Qc2 Nxd3 20. Qxd3 Qf8 21.
Rad1 Nc6 22. Nc4 Rd8 23. Nd6 Be8 24. Qc4 Rdd7 25. Nxe8 Rxd1 26. Rxd1 Qxe8 27.
Re1 h6 28. b4 a6 29. Nd4 Nd8 30. Nf5 Rd7 31. Nd6 Qe7 32. a4 Rc7 33. Qb3 Rc6 34.
Nf5 Kf7 35. Nxe7 1-0